[Event "29. Klatovy C 2023"]
[Site "Klatovy"]
[Date "2023.07.03"]
[Round "3.11"]
[White "Skalny, Petr"]
[Black "Kucera, Jiri"]
[Result "1-0"]
[WhiteElo "1561"]
[BlackElo "1920"]
[PlyCount "119"]
[EventDate "2023.07.01"]
[EventType "swiss"]
[EventRounds "9"]
[EventCountry "CZE"]

1. f4 d5 2. d4 Nf6 3. Nf3 g6 4. e3 Bg7 5. Bd3 O-O 6. O-O b6 7. Nbd2 Bb7 8. Qe1 c5 9. c3 Nbd7 10. Ne5 Ne4 11. Nxd7 Qxd7 12. Nf3 f6 13. Kh1 Rae8 14. Nd2 e5 15. Nxe4 dxe4 16. Bc4+ Bd5 17. Qe2 Qe6 18. Bb5 exd4 19. exd4 cxd4 20. Bxe8 Bc4 21. Bd7 Qd5 22. Qf2 Bxf1 23. Qxd4 Qxd4 24. Be6+ Kh8 25. cxd4 Re8 26. f5 gxf5 27. Bxf5 Bc4 28. Be3 Bf8 29. b3 Bd5 30. Rc1 Bd6 31. Kg1 Kg7 32. Kf2 h5 33. h4 Kf7 34. g3 Be6 35. Bxe4 Bxb3 36. Bf3 Bxg3+ 37. Kxg3 Rxe3 38. axb3 Rxb3 39. Rc7+ Kg6 40. Kf4 Rb5 41. Be4+ f5 42. Rc6+ Kg7 43. Bxf5 a5 44. Bd7 Rd5 45. Be6 Rxd4+ 46. Kg5 b5 47. Rc7+ Kf8 48. Kxh5 Rd6 49. Bf5 a4 50. Rb7 Rd5 51. Kg5 a3 52. Kf6 Rd8 53. Rxb5 Ra8 54. Be6 Ke8 55. Ba2 Ra4 56. h5 Rf4+ 57. Ke6 Re4+ 58. Re5 Rxe5+ 59. Kxe5 Kf8 60. Kf6 1-0

[Event "29. Klatovy C 2023"]
[Site "Klatovy"]
[Date "2023.07.03"]
[Round "3.12"]
[White "Sibl, Vaclav"]
[Black "Svec, Ludek"]
[Result "1-0"]
[WhiteElo "1840"]
[BlackElo "1614"]
[PlyCount "65"]
[EventDate "2023.07.01"]
[EventType "swiss"]
[EventRounds "9"]
[EventCountry "CZE"]

1. d4 d5 2. Bf4 Bf5 3. e3 e6 4. c4 Nf6 5. Nc3 c6 6. Nf3 Bd6 7. Ne5 O-O 8. Qb3 Qe7 9. c5 Bxe5 10. Bxe5 Qd7 11. Be2 Re8 12. O-O Qc8 13. Bxf6 gxf6 14. f4 Kh8 15. Rf2 Nd7 16. Raf1 Rg8 17. Kh1 b6 18. cxb6 axb6 19. Qd1 c5 20. a3 Qb7 21. Bf3 Be4 22. Bxe4 dxe4 23. d5 exd5 24. Nxd5 Rad8 25. Rd2 Rde8 26. Qh5 Rg7 27. Rfd1 Qc6 28. Qf5 Re6 29. Nc3 Nf8 30. Rd8 Rg8 31. Qd5 Ng6 32. Rxg8+ Kxg8 33. f5 1-0

[Event "29. Klatovy C 2023"]
[Site "Klatovy"]
[Date "2023.07.03"]
[Round "3.13"]
[White "Hanzlik, Jiri"]
[Black "Vachal, Josef"]
[Result "0-1"]
[WhiteElo "1585"]
[BlackElo "1762"]
[PlyCount "84"]
[EventDate "2023.07.01"]
[EventType "swiss"]
[EventRounds "9"]
[EventCountry "CZE"]

1. c4 Nf6 2. Nc3 e6 3. Nf3 b6 4. g3 Bb7 5. Bg2 Be7 6. O-O O-O 7. d4 d5 8. cxd5 Nxd5 9. Nxd5 Bxd5 10. Ne5 Bxg2 11. Kxg2 Qd5+ 12. Kg1 Rd8 13. Nf3 c5 14. Be3 c4 15. Qd2 Nc6 16. a3 Na5 17. Qc3 Nb3 18. Rad1 b5 19. Nd2 Nxd4 20. Bxd4 Qxd4 21. Qxd4 Rxd4 22. Nb1 Rad8 23. Rxd4 Rxd4 24. Nc3 a6 25. Rd1 Rxd1+ 26. Nxd1 Bf6 27. Kf1 Kf8 28. Ke1 Ke7 29. Kd2 Kd6 30. f3 Kc5 31. Kc2 a5 32. Nf2 Bd4 33. Ne4+ Kd5 34. b3 cxb3+ 35. Kxb3 h6 36. Nd2 f5 37. a4 bxa4+ 38. Kxa4 Bc3 39. e4+ Kd4 40. Nb3+ Ke3 41. exf5 exf5 42. f4 Kf3 0-1

[Event "29. Klatovy C 2023"]
[Site "Klatovy"]
[Date "2023.07.03"]
[Round "3.14"]
[White "Havelka, Petr"]
[Black "Kovar, Vaclav 1953"]
[Result "1-0"]
[WhiteElo "1770"]
[BlackElo "1583"]
[PlyCount "39"]
[EventDate "2023.07.01"]
[EventType "swiss"]
[EventRounds "9"]
[EventCountry "CZE"]

1. d4 d5 2. c4 e6 3. Nc3 Nf6 4. Bg5 Be7 5. e3 Nc6 6. Nf3 O-O 7. Be2 h6 8. Bh4 Nh7 9. Bxe7 Qxe7 10. cxd5 exd5 11. Nxd5 Qd6 12. Nc3 Nf6 13. a3 a6 14. O-O Bf5 15. Rc1 Rfe8 16. Nd2 Ne4 17. Ndxe4 Bxe4 18. Nxe4 Rxe4 19. Bf3 Re6 20. d5 1-0

[Event "29. Klatovy C 2023"]
[Site "Klatovy"]
[Date "2023.07.03"]
[Round "3.15"]
[White "Truksa, Vaclav"]
[Black "Nussbauer, Ladislav"]
[Result "1-0"]
[WhiteElo "1725"]
[BlackElo "1516"]
[PlyCount "59"]
[EventDate "2023.07.01"]
[EventType "swiss"]
[EventRounds "9"]
[EventCountry "CZE"]

1. d4 Nf6 2. c4 e6 3. Nc3 Bb4 4. Qc2 d5 5. e3 O-O 6. Nf3 Nbd7 7. Bd3 dxc4 8. Bxc4 b6 9. O-O Bb7 10. Qe2 Bxc3 11. bxc3 Ne4 12. Bb2 Ndf6 13. Ne5 Rc8 14. f3 Nd6 15. Bb3 Nd7 16. Rad1 c6 17. e4 Qc7 18. Ng4 c5 19. Ne3 Rfd8 20. Rc1 c4 21. Bc2 b5 22. e5 Ne8 23. Ba3 Nb6 24. f4 g6 25. Qg4 Nd5 26. Nxd5 Bxd5 27. f5 Ng7 28. f6 Nf5 29. Bxf5 exf5 30. Qg5 1-0

[Event "29. Klatovy C 2023"]
[Site "Klatovy"]
[Date "2023.07.03"]
[Round "3.16"]
[White "Macho, Miloslav"]
[Black "Rezny, Frantisek"]
[Result "1-0"]
[WhiteElo "1705"]
[BlackElo "1476"]
[PlyCount "42"]
[EventDate "2023.07.01"]
[EventType "swiss"]
[EventRounds "9"]
[EventCountry "CZE"]

1. e4 d5 2. exd5 Qxd5 3. Nc3 Qd8 4. d4 Nf6 5. Nf3 Bg4 6. Be2 e6 7. O-O c6 8. Bg5 Be7 9. h3 Bf5 10. Bd3 Bxd3 11. Qxd3 Nbd7 12. Rad1 O-O 13. Rfe1 Re8 14. a3 a5 15. Ne5 Qb6 16. Nxd7 Nxd7 17. Bxe7 Rxe7 18. d5 Nc5 19. Qe3 Rae8 20. dxc6 Qxc6 21. Rd2 Rd8 1-0

[Event "29. Klatovy C 2023"]
[Site "Klatovy"]
[Date "2023.07.03"]
[Round "3.17"]
[White "Prachar, Josef"]
[Black "Sykora, Vaclav"]
[Result "1/2-1/2"]
[WhiteElo "1732"]
[BlackElo "1380"]
[PlyCount "57"]
[EventDate "2023.07.01"]
[EventType "swiss"]
[EventRounds "9"]
[EventCountry "CZE"]

1. Nf3 d5 2. d4 Nf6 3. c4 e6 4. Nc3 c6 5. cxd5 exd5 6. Bg5 Be7 7. e3 Bg4 8. Bd3 Nbd7 9. Rc1 O-O 10. O-O Ne4 11. Bxe7 Qxe7 12. Be2 f5 13. Qc2 Ng5 14. Nxg5 Qxg5 15. Bxg4 Qxg4 16. f3 Qg5 17. Rce1 g6 18. Qb3 Rab8 19. Qa3 a6 20. Qd6 Rf7 21. Nd1 Qe7 22. Qg3 Re8 23. Qf2 Qd6 24. Qd2 Nf6 25. Nf2 Rfe7 26. Nd3 Nd7 27. f4 Nf6 28. Ne5 Ne4 29. Qa5 1/2-1/2

[Event "29. Klatovy C 2023"]
[Site "Klatovy"]
[Date "2023.07.03"]
[Round "3.19"]
[White "Novy, Jaroslav"]
[Black "Kotesovec, Jaroslav"]
[Result "1/2-1/2"]
[WhiteElo "1482"]
[BlackElo "1473"]
[PlyCount "31"]
[EventDate "2023.07.01"]
[EventType "swiss"]
[EventRounds "9"]
[EventCountry "CZE"]

1. e4 e5 2. Nf3 Nc6 3. Bc4 Bc5 4. b4 Bxb4 5. c3 Ba5 6. d4 exd4 7. O-O Bb6 8. cxd4 Na5 9. Bd3 d6 10. Nc3 Bg4 11. Be2 Nf6 12. h3 Bh5 13. Bg5 c6 14. Qa4 h6 15. Bxf6 Qxf6 16. Nd5 1/2-1/2

[Event "29. Klatovy C 2023"]
[Site "Klatovy"]
[Date "2023.07.03"]
[Round "3.22"]
[White "Stanke, Vilem"]
[Black "Kotrba, Antonin"]
[Result "0-1"]
[WhiteElo "1306"]
[BlackElo "1125"]
[PlyCount "80"]
[EventDate "2023.07.01"]
[EventType "swiss"]
[EventRounds "9"]
[EventCountry "CZE"]

1. e4 c5 2. Nf3 d6 3. c4 Nc6 4. d4 cxd4 5. Nxd4 e5 6. Nxc6 bxc6 7. Nc3 Nf6 8. Bd3 Be7 9. Be3 O-O 10. O-O Bb7 11. a4 d5 12. cxd5 cxd5 13. exd5 Nxd5 14. Nxd5 Qxd5 15. f3 Rfd8 16. Be4 Qxd1 17. Rfxd1 Bxe4 18. fxe4 a6 19. Bb6 Rxd1+ 20. Rxd1 f6 21. Rd5 Kf7 22. Bc5 Bxc5+ 23. Rxc5 Rb8 24. Rc2 Rb4 25. a5 Rxe4 26. Rc7+ Kg6 27. Rc6 Rb4 28. Rb6 Rc4 29. b4 e4 30. Kf2 Kg5 31. b5 axb5 32. Rxb5+ f5 33. Rb7 g6 34. Rxh7 Rc2+ 35. Ke1 Ra2 36. Ra7 Kf4 37. Ra8 Ke3 38. Kd1 Kf2 39. a6 e3 40. Kc1 e2 0-1

[Event "29. Klatovy C 2023"]
[Site "Klatovy"]
[Date "2023.07.04"]
[Round "4.1"]
[White "Sedlak, Ludek"]
[Black "Pribyl, Josef"]
[Result "1/2-1/2"]
[WhiteElo "1885"]
[BlackElo "2230"]
[PlyCount "142"]
[EventDate "2023.07.01"]
[EventType "swiss"]
[EventRounds "9"]
[EventCountry "CZE"]
[TimeControl "120+30"]

1. e4 {[%emt 0:00:08]} Nf6 {[%emt 0:00:02]} 2. Nc3 {[%emt 0:00:18]} d6 {[%emt 0:00:44]} 3. d4 {[%emt 0:00:17]} e5 {[%emt 0:00:07]} 4. Nf3 {[%emt 0:05:34]} Nbd7 {[%emt 0:00:01]} 5. Bc4 {[%emt 0:01:07]} Be7 {[%emt 0:00:02]} 6. dxe5 {[%emt 0:06:53]} dxe5 {[%emt 0:00:10]} 7. Ng5 {[%emt 0:03:28]} O-O {[%emt 0:00:14]} 8. Bxf7+ {[%emt 0:00:37]} Rxf7 {[%emt 0:00:08]} 9. Ne6 {[%emt 0:00:07]} Qe8 {[%emt 0:00:16]} 10. Nxc7 {[%emt 0:00:07]} Qd8 {[%emt 0:00:04]} 11. Nxa8 {[%emt 0:00:26]} b6 {[%emt 0:01:22]} 12. Nd5 {[%emt 0:02:49]} Bc5 {[%emt 0:03:08]} 13. Be3 {[%emt 0:12:34]} Bxe3 {[%emt 0:00:57]} 14. Nxe3 {[%emt 0:06:46]} Ba6 {[%emt 0:01:45]} 15. c4 {[%emt 0:06:58]} Qxa8 {[%emt 0:01:26]} 16. Qc2 {[%emt 0:05:56]} Qxe4 {[%emt 0:24:41]} 17. Qxe4 {[%emt 0:01:26]} Nxe4 {[%emt 0:00:03]} 18. f3 {[%emt 0:00:15]} Nec5 {[%emt 0:08:17]} 19. O-O-O {[%emt 0:02:14]} Bb7 {[%emt 0:05:07]} 20. b4 {[%emt 0:08:54]} Ne6 {[%emt 0:03:27]} 21. Nd5 {[%emt 0:01:04]} Nd4 {[%emt 0:02:35]} 22. Nc3 {[%emt 0:01:03]} a6 {[%emt 0:06:15]} 23. Rhe1 {[%emt 0:00:51]} Kf8 {[%emt 0:03:59]} 24. Ne4 {[%emt 0:00:17]} Re7 {[%emt 0:12:07]} 25. Kb2 {[%emt 0:09:01]} Re6 {[%emt 0:05:34]} 26. f4 {[%emt 0:05:04]} Bxe4 {[%emt 0:03:02]} 27. Rxe4 {[%emt 0:00:09]} Ke7 {[%emt 0:01:04]} 28. Kc3 {[%emt 0:04:14]} Nc6 {[%emt 0:08:03]} 29. fxe5 {[%emt 0:02:19]} Ncxe5 {[%emt 0:00:46]} 30. Rde1 {[%emt 0:00:28]} Kf7 {[%emt 0:01:11]} 31. R1e2 {[%emt 0:10:13]} h5 {[%emt 0:00:40]} 32. g3 {[%emt 0:03:36]} g5 {[%emt 0:00:27]} 33. h3 {[%emt 0:00:23]} Kf6 {[%emt 0:01:23]} 34. Rf2+ {[%emt 0:08:35]} Kg6 {[%emt 0:00:50]} 35. Rfe2 {[%emt 0:03:18]} Kf5 {[%emt 0:00:12]} 36. g4+ {[%emt 0:00:17]} Kg6 {[%emt 0:00:38]} 37. c5 {[%emt 0:05:15]} bxc5 {[%emt 0:02:40]} 38. bxc5 {[%emt 0:00:12]} h4 {[%emt 0:00:24]} 39. Kd4 {[%emt 0:01:36]} Nf3+ {[%emt 0:04:59]} 40. Kd5 {[%emt 0:00:16]} Rf6 {[%emt 0:01:00]} 41. Re6 {[%emt 0:02:22]} Ng1 {[%emt 0:01:00]} 42. R2e3 {[%emt 0:00:18]} Nxh3 {[%emt 0:00:44]} 43. Rxh3 {[%emt 0:00:25]} Rxe6 {[%emt 0:00:08]} 44. Kxe6 {[%emt 0:00:14]} Nxc5+ {[%emt 0:00:03]} 45. Kd5 {[%emt 0:00:24]} Nd7 {[%emt 0:00:02]} 46. Ke4 {[%emt 0:03:27]} Nf6+ {[%emt 0:00:34]} 47. Kf3 {[%emt 0:00:16]} Kf7 {[%emt 0:00:11]} 48. Rh2 {[%emt 0:01:17]} Ke6 {[%emt 0:00:02]} 49. Rb2 {[%emt 0:03:12]} Nd7 {[%emt 0:00:08]} 50. Kg2 {[%emt 0:01:27]} Kd5 {[%emt 0:00:30]} 51. Rd2+ {[%emt 0:00:31]} Kc6 {[%emt 0:00:05]} 52. Rf2 {[%emt 0:01:33]} Ne5 {[%emt 0:02:53]} 53. Kh3 {[%emt 0:00:13]} Nd3 {[%emt 0:00:48]} 54. Rf5 {[%emt 0:00:57]} Nf4+ {[%emt 0:00:20]} 55. Kh2 {[%emt 0:00:07]} Ne6 {[%emt 0:00:07]} 56. Rf6 {[%emt 0:00:38]} Kd5 {[%emt 0:00:23]} 57. Rf5+ {[%emt 0:00:27]} Kd4 {[%emt 0:02:07]} 58. Kg2 {[%emt 0:00:41]} Nf4+ {[%emt 0:00:34]} 59. Kf3 {[%emt 0:00:20]} Ne6 {[%emt 0:00:29]} 60. Rf6 {[%emt 0:00:25]} Nc5 {[%emt 0:00:20]} 61. Rg6 {[%emt 0:00:47]} Nd3 {[%emt 0:05:55]} 62. Rxg5 {[%emt 0:00:20]} Ne5+ {[%emt 0:00:16]} 63. Kg2 {[%emt 0:00:53]} a5 {[%emt 0:00:14]} 64. Kh3 {[%emt 0:02:51]} a4 {[%emt 0:00:02]} 65. Kxh4 {[%emt 0:01:02]} Nf3+ {[%emt 0:00:08]} 66. Kh5 {[%emt 0:00:00]} Nxg5 {[%emt 0:00:13]} 67. Kxg5 {[%emt 0:00:01]} a3 {[%emt 0:00:15]} 68. Kf5 {[%emt 0:00:04]} Kc3 {[%emt 0:00:11]} 69. g5 {[%emt 0:00:04]} Kb2 {[%emt 0:00:05]} 70. g6 {[%emt 0:00:03]} Kxa2 {[%emt 0:00:18]} 71. g7 {[%emt 0:00:00]} Kb2 {[%emt 0:00:28]} 1/2-1/2

[Event "29. Klatovy C 2023"]
[Site "Klatovy"]
[Date "2023.07.04"]
[Round "4.2"]
[White "Chalus, Karel"]
[Black "Plasek, Zdenek"]
[Result "1-0"]
[WhiteElo "1975"]
[BlackElo "1914"]
[PlyCount "81"]
[EventDate "2023.07.01"]
[EventType "swiss"]
[EventRounds "9"]
[EventCountry "CZE"]
[TimeControl "120+30"]

1. e4 {[%emt 0:01:38]} c5 {[%emt 0:09:00]} 2. Nf3 {[%emt 0:00:07]} d6 {[%emt 0:00:08]} 3. d4 {[%emt 0:00:06]} cxd4 {[%emt 0:00:02]} 4. Nxd4 {[%emt 0:00:06]} Nf6 {[%emt 0:00:07]} 5. Nc3 {[%emt 0:00:05]} a6 {[%emt 0:00:05]} 6. Be2 {[%emt 0:00:08]} e6 {[%emt 0:00:07]} 7. O-O {[%emt 0:00:37]} Be7 {[%emt 0:00:07]} 8. f4 {[%emt 0:01:02]} Qc7 {[%emt 0:01:03]} 9. a4 {[%emt 0:04:17]} O-O {[%emt 0:00:12]} 10. Bf3 {[%emt 0:03:44]} Nc6 {[%emt 0:01:17]} 11. Be3 {[%emt 0:04:16]} Bd7 {[%emt 0:06:34]} 12. Nde2 {[%emt 0:07:15]} Na5 {[%emt 0:17:37]} 13. b3 {[%emt 0:17:59]} Rac8 {[%emt 0:02:24]} 14. Qe1 {[%emt 0:03:10]} Nc6 {[%emt 0:29:54]} 15. Qf2 {[%emt 0:06:51]} Nb4 {[%emt 0:01:26]} 16. Rac1 {[%emt 0:01:03]} Bc6 {[%emt 0:13:24]} 17. Bb6 {[%emt 0:19:03]} Qb8 {[%emt 0:03:04]} 18. Ng3 {[%emt 0:04:46]} Nd7 {[%emt 0:06:33]} 19. Bd4 {[%emt 0:01:44]} e5 {[%emt 0:00:50]} 20. Nf5 {[%emt 0:02:23]} Bf6 {[%emt 0:00:22]} 21. fxe5 {[%emt 0:01:29]} Nxe5 {[%emt 0:00:39]} 22. Bxe5 {[%emt 0:06:55]} dxe5 {[%emt 0:02:27]} 23. Qb6 {[%emt 0:01:02]} a5 {[%emt 0:00:51]} 24. Qxa5 {[%emt 0:02:14]} Na6 {[%emt 0:00:12]} 25. Qb6 {[%emt 0:07:57]} Bg5 {[%emt 0:02:07]} 26. Rcd1 {[%emt 0:06:20]} g6 {[%emt 0:00:31]} 27. Nd6 {[%emt 0:10:32]} Rcd8 {[%emt 0:04:44]} 28. Nc4 {[%emt 0:00:20]} Nc7 {[%emt 0:00:22]} 29. Nxe5 {[%emt 0:01:25]} Na8 {[%emt 0:00:12]} 30. Nxc6 {[%emt 0:01:52]} Nxb6 {[%emt 0:00:22]} 31. Nxb8 {[%emt 0:00:04]} Rxb8 {[%emt 0:00:01]} 32. a5 {[%emt 0:01:13]} Rbc8 {[%emt 0:00:28]} 33. Nb5 {[%emt 0:01:03]} Rc5 {[%emt 0:02:29]} 34. c4 {[%emt 0:00:39]} Nc8 {[%emt 0:00:47]} 35. Rd7 {[%emt 0:01:03]} Ne7 {[%emt 0:04:56]} 36. Rxb7 {[%emt 0:02:30]} Nc6 {[%emt 0:00:06]} 37. a6 {[%emt 0:00:26]} Ra8 {[%emt 0:00:04]} 38. a7 {[%emt 0:01:28]} Be3+ {[%emt 0:01:41]} 39. Kh1 {[%emt 0:00:06]} Rxb5 {[%emt 0:01:10]} 40. cxb5 {[%emt 0:00:43]} Rxa7 {[%emt 0:00:09]} 41. bxc6 {[%emt 0:00:18]} 1-0

[Event "29. Klatovy C 2023"]
[Site "Klatovy"]
[Date "2023.07.04"]
[Round "4.3"]
[White "Fiser, Jiri2"]
[Black "Turner, Radek"]
[Result "1/2-1/2"]
[WhiteElo "1784"]
[BlackElo "1991"]
[PlyCount "37"]
[EventDate "2023.07.01"]
[EventType "swiss"]
[EventRounds "9"]
[EventCountry "CZE"]
[TimeControl "120+30"]

1. e4 {[%emt 19:15:43]} e6 {[%emt 0:10:19]} 2. d4 {[%emt 0:00:02]} d5 {[%emt 0:00:09]} 3. Nd2 {[%emt 0:00:04]} a6 {[%emt 0:00:13]} 4. Ngf3 {[%emt 0:00:14]} c5 {[%emt 0:12:23]} 5. exd5 {[%emt 0:00:55]} exd5 {[%emt 0:00:08]} 6. dxc5 {[%emt 0:00:44]} Bxc5 {[%emt 0:00:11]} 7. Nb3 {[%emt 0:00:02]} Bb6 {[%emt 0:00:21]} 8. Bd3 {[%emt 0:00:09]} Nf6 {[%emt 0:00:26]} 9. O-O {[%emt 0:02:37]} O-O {[%emt 0:00:14]} 10. Bg5 {[%emt 0:00:09]} h6 {[%emt 0:01:09]} 11. Bh4 {[%emt 0:00:00]} Bg4 {[%emt 0:04:16]} 12. h3 {[%emt 0:02:22]} Bh5 {[%emt 0:02:01]} 13. g4 {[%emt 0:05:08]} Bg6 {[%emt 0:00:15]} 14. Ne5 {[%emt 0:07:42]} Bxd3 {[%emt 0:01:58]} 15. Qxd3 {[%emt 0:01:44]} Nc6 {[%emt 0:00:59]} 16. Nxc6 {[%emt 0:03:49]} bxc6 {[%emt 0:00:28]} 17. Nd4 {[%emt 0:01:05]} Bxd4 {[%emt 0:03:23]} 18. Qxd4 {[%emt 0:00:01]} g5 {[%emt 0:05:21]} 19. Bg3 {[%emt 0:01:37]} 1/2-1/2

[Event "29. Klatovy C 2023"]
[Site "Klatovy"]
[Date "2023.07.04"]
[Round "4.4"]
[White "Baumruk, Josef"]
[Black "Novotny, Jaroslav2"]
[Result "1/2-1/2"]
[WhiteElo "1947"]
[BlackElo "1890"]
[PlyCount "30"]
[EventDate "2023.07.01"]
[EventType "swiss"]
[EventRounds "9"]
[EventCountry "CZE"]
[TimeControl "120+30"]

1. e4 {[%emt 0:01:55]} c5 {[%emt 0:00:08]} 2. g3 {[%emt 0:00:28]} Nc6 {[%emt 0:00:09]} 3. Bg2 {[%emt 0:00:06]} Nf6 {[%emt 0:00:31]} 4. Ne2 {[%emt 0:00:24]} g6 {[%emt 0:00:32]} 5. O-O {[%emt 0:00:19]} Bg7 {[%emt 0:00:12]} 6. h3 {[%emt 0:00:35]} O-O {[%emt 0:01:11]} 7. Kh2 {[%emt 0:01:23]} d5 {[%emt 0:02:29]} 8. exd5 {[%emt 0:03:29]} Nxd5 {[%emt 0:00:13]} 9. Nbc3 {[%emt 0:00:20]} Nxc3 {[%emt 0:08:21]} 10. Nxc3 {[%emt 0:00:12]} Bd7 {[%emt 0:09:52]} 11. d3 {[%emt 0:04:25]} Rc8 {[%emt 0:03:37]} 12. Be3 {[%emt 0:01:59]} b6 {[%emt 0:00:29]} 13. Qd2 {[%emt 0:05:28]} Nd4 {[%emt 0:03:36]} 14. Rae1 {[%emt 0:04:09]} Bc6 {[%emt 0:04:09]} 15. f3 {[%emt 0:06:31]} Qd7 {[%emt 0:21:18]} 1/2-1/2

[Event "29. Klatovy C 2023"]
[Site "Klatovy"]
[Date "2023.07.04"]
[Round "4.5"]
[White "Korsa, Jindrich"]
[Black "Skopec, Lubos"]
[Result "1-0"]
[WhiteElo "1997"]
[BlackElo "1824"]
[PlyCount "75"]
[EventDate "2023.07.01"]
[EventType "swiss"]
[EventRounds "9"]
[EventCountry "CZE"]
[TimeControl "120+30"]

1. e4 {[%emt 0:00:01]} c5 {[%emt 0:00:11]} 2. Nc3 {[%emt 0:00:11]} Nc6 {[%emt 0:00:07]} 3. g4 {[%emt 0:00:04]} d6 {[%emt 0:03:25]} 4. Bg2 {[%emt 0:00:36]} e6 {[%emt 0:05:35]} 5. d3 {[%emt 0:00:11]} Be7 {[%emt 0:02:15]} 6. Nge2 {[%emt 0:01:50]} Nd4 {[%emt 0:07:50]} 7. Ng3 {[%emt 0:00:32]} Bd7 {[%emt 0:06:50]} 8. O-O {[%emt 0:00:27]} Bc6 {[%emt 0:02:09]} 9. f4 {[%emt 0:00:27]} Bh4 {[%emt 0:03:07]} 10. Nce2 {[%emt 0:05:18]} Ne7 {[%emt 0:09:34]} 11. c3 {[%emt 0:00:39]} Nxe2+ {[%emt 0:03:22]} 12. Qxe2 {[%emt 0:00:11]} Bxg3 {[%emt 0:00:57]} 13. hxg3 {[%emt 0:00:01]} Qd7 {[%emt 0:03:58]} 14. Be3 {[%emt 0:00:38]} Rc8 {[%emt 0:15:24]} 15. f5 {[%emt 0:01:03]} f6 {[%emt 0:12:20]} 16. g5 {[%emt 0:02:38]} exf5 {[%emt 0:01:48]} 17. gxf6 {[%emt 0:00:31]} gxf6 {[%emt 0:00:50]} 18. exf5 {[%emt 0:03:06]} Bxg2 {[%emt 0:02:12]} 19. Kxg2 {[%emt 0:00:20]} Qc6+ {[%emt 0:01:04]} 20. Kh3 {[%emt 0:03:31]} Kd7 {[%emt 0:07:17]} 21. Rae1 {[%emt 0:06:34]} Rce8 {[%emt 0:02:21]} 22. Qh5 {[%emt 0:06:43]} Kd8 {[%emt 0:08:13]} 23. Bh6 {[%emt 0:06:14]} Rhg8 {[%emt 0:03:51]} 24. c4 {[%emt 0:12:21]} Rxg3+ {[%emt 0:07:57]} 25. Kxg3 {[%emt 0:06:22]} Rg8+ {[%emt 0:00:07]} 26. Kf2 {[%emt 0:03:38]} Qg2+ {[%emt 0:01:31]} 27. Ke3 {[%emt 0:00:05]} Nd5+ {[%emt 0:08:42]} 28. cxd5 {[%emt 0:00:22]} Re8+ {[%emt 0:00:02]} 29. Kf4 {[%emt 0:04:16]} Qd2+ {[%emt 0:01:08]} 30. Kg3 {[%emt 0:01:02]} Rg8+ {[%emt 0:00:57]} 31. Kf3 {[%emt 0:04:05]} Qg2+ {[%emt 0:00:07]} 32. Ke3 {[%emt 0:04:30]} Re8+ {[%emt 0:00:07]} 33. Kf4 {[%emt 0:00:10]} Qd2+ {[%emt 0:00:17]} 34. Kf3 {[%emt 0:00:54]} Qxd3+ {[%emt 0:05:06]} 35. Kg2 {[%emt 0:01:51]} Rg8+ {[%emt 0:02:13]} 36. Kh1 {[%emt 0:00:14]} Rg3 {[%emt 0:02:58]} 37. Kh2 {[%emt 0:05:58]} Rg8 {[%emt 0:00:53]} 38. Qf3 {[%emt 0:00:43]} 1-0

[Event "29. Klatovy C 2023"]
[Site "Klatovy"]
[Date "2023.07.04"]
[Round "4.6"]
[White "Danko, Jiri"]
[Black "Havelka, Petr"]
[Result "1/2-1/2"]
[WhiteElo "1873"]
[BlackElo "1770"]
[PlyCount "64"]
[EventDate "2023.07.01"]
[EventType "swiss"]
[EventRounds "9"]
[EventCountry "CZE"]
[TimeControl "120+30"]

1. e4 {[%emt 0:00:00]} d5 {[%emt 0:00:45]} 2. exd5 {[%emt 0:00:00]} Nf6 {[%emt 0:00:26]} 3. d4 {[%emt 0:02:44]} Nxd5 {[%emt 0:01:22]} 4. Bc4 {[%emt 0:03:57]} e6 {[%emt 0:02:48]} 5. Nf3 {[%emt 0:01:03]} Be7 {[%emt 0:02:27]} 6. O-O {[%emt 0:01:54]} O-O {[%emt 0:00:42]} 7. a3 {[%emt 0:04:04]} b6 {[%emt 0:02:00]} 8. Bd3 {[%emt 0:03:30]} Nf6 {[%emt 0:05:17]} 9. Qe2 {[%emt 0:04:39]} Bb7 {[%emt 0:03:25]} 10. Rd1 {[%emt 0:00:41]} Nbd7 {[%emt 0:11:42]} 11. Nc3 {[%emt 0:15:30]} Re8 {[%emt 0:05:02]} 12. Ne5 {[%emt 0:02:51]} Qc8 {[%emt 0:06:48]} 13. Bg5 {[%emt 0:18:36]} c5 {[%emt 0:07:40]} 14. Bxf6 {[%emt 0:07:26]} Nxf6 {[%emt 0:03:29]} 15. dxc5 {[%emt 0:01:44]} Qxc5 {[%emt 0:03:13]} 16. Re1 {[%emt 0:04:37]} Bd6 {[%emt 0:04:11]} 17. h3 {[%emt 0:04:13]} Bxe5 {[%emt 0:12:07]} 18. Qxe5 {[%emt 0:00:27]} Qxe5 {[%emt 0:05:56]} 19. Rxe5 {[%emt 0:00:20]} Red8 {[%emt 0:00:32]} 20. Re2 {[%emt 0:06:44]} Nd5 {[%emt 0:04:51]} 21. Nxd5 {[%emt 0:00:06]} Bxd5 {[%emt 0:02:26]} 22. f3 {[%emt 0:03:21]} g6 {[%emt 0:01:38]} 23. Kf2 {[%emt 0:00:16]} Rac8 {[%emt 0:00:54]} 24. Ke3 {[%emt 0:01:47]} Bc4 {[%emt 0:03:03]} 25. Bxc4 {[%emt 0:04:02]} Rxc4 {[%emt 0:00:21]} 26. Rd2 {[%emt 0:00:48]} Rxd2 {[%emt 0:01:39]} 27. Kxd2 {[%emt 0:00:08]} Kf8 {[%emt 0:00:12]} 28. c3 {[%emt 0:00:59]} Ke7 {[%emt 0:00:25]} 29. Ke3 {[%emt 0:00:47]} h5 {[%emt 0:00:10]} 30. g3 {[%emt 0:01:05]} f6 {[%emt 0:00:33]} 31. Rd1 {[%emt 0:00:09]} Rc5 {[%emt 0:00:34]} 32. Rd4 {[%emt 0:01:37]} Re5+ {[%emt 0:05:03]} 1/2-1/2

[Event "29. Klatovy C 2023"]
[Site "Klatovy"]
[Date "2023.07.04"]
[Round "4.7"]
[White "Vachal, Josef"]
[Black "Petras, Milan"]
[Result "1/2-1/2"]
[WhiteElo "1762"]
[BlackElo "1866"]
[PlyCount "42"]
[EventDate "2023.07.01"]
[EventType "swiss"]
[EventRounds "9"]
[EventCountry "CZE"]
[TimeControl "120+30"]

1. d4 {[%emt 0:00:06]} g6 {[%emt 0:01:07]} 2. Nf3 {[%emt 0:00:17]} Bg7 {[%emt 0:00:03]} 3. c4 {[%emt 0:00:33]} d6 {[%emt 0:02:00]} 4. Nc3 {[%emt 0:01:15]} Nd7 {[%emt 0:01:28]} 5. g3 {[%emt 0:03:03]} Ngf6 {[%emt 0:06:01]} 6. Bg2 {[%emt 0:00:19]} O-O {[%emt 0:00:13]} 7. O-O {[%emt 0:00:11]} e5 {[%emt 0:01:10]} 8. Qc2 {[%emt 0:06:28]} exd4 {[%emt 0:05:15]} 9. Nxd4 {[%emt 0:00:12]} Re8 {[%emt 0:01:42]} 10. e3 {[%emt 0:03:47]} a5 {[%emt 0:06:50]} 11. b3 {[%emt 0:04:56]} Nc5 {[%emt 0:12:42]} 12. Bb2 {[%emt 0:02:09]} Ne6 {[%emt 0:15:34]} 13. Nxe6 {[%emt 0:17:09]} fxe6 {[%emt 0:04:00]} 14. Rad1 {[%emt 0:02:29]} Qe7 {[%emt 0:00:27]} 15. Rd2 {[%emt 0:13:26]} Rb8 {[%emt 0:00:43]} 16. e4 {[%emt 0:06:04]} Bh6 {[%emt 0:08:49]} 17. Re2 {[%emt 0:00:43]} e5 {[%emt 0:01:11]} 18. Bc1 {[%emt 0:03:25]} Bxc1 {[%emt 0:00:46]} 19. Qxc1 {[%emt 0:01:42]} Bd7 {[%emt 0:02:16]} 20. Rd1 {[%emt 0:05:39]} b6 {[%emt 0:11:09]} 21. Rc2 {[%emt 0:06:39]} Rbc8 {[%emt 0:03:52]} 1/2-1/2